000 01095nam0a22002411i 4500
001 rc\4055768
005 20240921183701.0
021 _aRU
_b[53-1903]
035 _a(NLR Aleph) 007961018
090 _a8399642
_c8399642
100 _a20130415d1953 |||y0rusy50 ca
101 0 _arus
102 _aRU
105 _ay d |||||
200 1 _aВопросы общей методики предметизации книг
_e(Основные принципы и практика советских библиотек)
_eАвтореферат дис. на соискание учен. степени кандидата пед. наук (по библиотековедению)
_fЛенингр. гос. библиотеч. ин-т им. Н.К. Крупской
210 _aЛенинград
_d1953
215 _a19 с.
_d22
700 1 _aКоновалова
_bМ. Н.
_cбиблиотековед
_f1908-1990
_gМария Никитична
_9141285
_3RU\NLR\AUTH\770141321
801 0 _aRU
_bNLR
_gpsbo
801 1 _aRU
_bELAR
_2rusmarc
852 _aNLR
_jБ 7700/К-647
942 _cBOOK